000 00318nam a22001337a 4500
082 _a894.812.3
_bPAR/D
100 _aPARVANA (T. S. SHARIKA)
245 _aDASAYANAM
246 _aDASAYANAM
_bDASAYANAM
260 _aKALADY, KERALA
_bBUDHASANGAMAM BOOKS
_c2025
300 _a456
650 _aMALAYALAM NOVEL
942 _cBK
999 _c9169
_d9169